| 000 | 02566cam a2200409 4500500 | ||
|---|---|---|---|
| 005 | 20260111073354.0 | ||
| 041 | _afre | ||
| 042 | _adc | ||
| 100 | 1 | 0 |
_aMartin, Tristan _eauthor |
| 700 | 1 | 0 |
_aMitha, Assia _eauthor |
| 700 | 1 | 0 |
_aGrassi, Enzo _eauthor |
| 700 | 1 | 0 |
_aDesmaris, Romain _eauthor |
| 700 | 1 | 0 |
_aBertrand, Claude _eauthor |
| 700 | 1 | 0 |
_aColiat, Pierre _eauthor |
| 700 | 1 | 0 |
_aRieutord, André _eauthor |
| 245 | 0 | 0 | _aVous souhaitez une production d’anticancéreux injectables robotisée ? Ça s’anticipe ! |
| 260 | _c2026. | ||
| 500 | _a51 | ||
| 520 | _aLa production robotisée d’anticancéreux injectables est en plein développement. Elle nécessite des aménagements des pratiques et l’anticipation de tous les aspects liés à la production. Ce travail s’inscrit dans une démarche de réflexion et vise à proposer un outil d’anticipation sécurisant.Les premières pharmacies à usage intérieur équipées ont élaboré un diagramme d’Ishikawa, et à chaque risque elles y ont associé un livrable, un responsable, et une temporalité. Les 70 risques identifiés ont été compilés dans un plan d’action sous la forme d’un tableau de pilotage. Cette première version, pratique et adaptable, doit permettre de faciliter la conduite de projet. | ||
| 520 | _aAutomated compounding of injectable anti-cancer drugs has become increasingly popular. It requires adjustments to practices and the anticipation of all aspects related to production. This work reflects a reflection process and aims to provide a secure anticipation tool.The first equipped hospital pharmacies have created an Ishikawa diagram, and each risk has been assigned a deliverable, a manager, and a timeframe. The 70 identified risks have been compiled into an action plan in the form of a dashboard. This first version of the practical and adaptable tool should facilitate project management. | ||
| 690 | _aanalyse des risques | ||
| 690 | _aanticancéreux injectables | ||
| 690 | _agestion | ||
| 690 | _agestion de projet | ||
| 690 | _amanagement | ||
| 690 | _aorganisation | ||
| 690 | _arobotisation | ||
| 690 | _ainjectable anti-cancer drugs | ||
| 690 | _amanagement | ||
| 690 | _aoperation | ||
| 690 | _aorganization | ||
| 690 | _aproject management | ||
| 690 | _arisk analysis | ||
| 690 | _arobotization | ||
| 786 | 0 | _nJournal de Pharmacie Clinique | 44 | 4 | 2026-01-09 | p. 213-216 | 0291-1981 | |
| 856 | 4 | 1 | _uhttps://stm.cairn.info/revue-journal-de-pharmacie-clinique-2025-4-page-213?lang=fr&redirect-ssocas=7080 |
| 999 |
_c1615456 _d1615456 |
||